000 01043nam0a22002651 4500
001 rc\3448852
005 20130115143031.5
021 _aRU
_b[72-94191]
035 _a(NLR Aleph) 007593784
090 _a5640512
_c5640512
100 _a20130115d1972 |||y0rusy50 ca
101 0 _arus
102 _aRU
105 _ay z |||||
200 1 _aСебестоимость - основа цен товаров народного потребления
_eЛекция для студентов V курса торг.-экон. и товароведных фак.
_fЗаоч. ин-т сов. торговли. Кафедра экономики торговли
210 _aМосква
_cБ. и.
_d1972
215 _a38 с.
_d21
320 _aСписок лит.: с. 36-37
606 _aСебестоимость в промышленности
_2psbo
700 1 _aГорина
_bГ. А.
_gГалина Анатольевна
801 0 _aRU
_bNLR
_gpsbo
801 1 _aRU
_bELAR
_2rusmarc
852 _aNLR
_j72-6/10201
942 _cBOOK
980 _aNB